Financie v cestovnom ruchu vybrané kapitoly

Na minha lista:
Detalhes bibliográficos
Autor principal: Medveď, Jozef
Autor Corporativo: Vysoká škola ekonomická v Bratislave. Fakulta ekonomiky služieb a cestovného ruchu v Banskej Bystrici
Formato: Livro
Idioma:eslovaco
Publicado em: Bratislava Vysoká škola ekonomická 1984
Tags: Adicionar Tag
Sem tags, seja o primeiro a adicionar uma tag!

MARC

LEADER 00000nam a2200000 4500
001 c114214
005 20181219124722.7
041 0 |a slo 
044 |a SK 
245 1 0 |a Financie v cestovnom ruchu  |b vybrané kapitoly  |c Jozef Medveď 
264 1 |a Bratislava  |b Vysoká škola ekonomická  |c 1984 
300 |a 151 s. 
100 1 |a Medveď, Jozef 
710 2 |a Vysoká škola ekonomická v Bratislave. Fakulta ekonomiky služieb a cestovného ruchu v Banskej Bystrici